Effectif Stade Rochelais 2026 - Statistiques

Statistiques générales
  • Ce quiz a été pris 12 fois
  • Le résultat moyen est 40 sur 53
Statistiques - réponses
Poste Nationalité Statut Match joué Joueur % Correct
Demi d'Ouverture France International 16 Antoine Hastoy
100%
Arrière Géorgie International 18 Davit Niniashvili
100%
Ailier/arrière Afrique du Sud International 16 Dillyn Leyds
100%
Troisième Ligne France International 19 Grégory Alldritt
100%
Troisième Ligne Fidji International 21 Levani Botia
100%
Troisième Ligne France International 15 Oscar Jégou
100%
Troisième Ligne France International 11 Paul Boudehent
100%
Talonneur France International 5 Pierre Bourgarit
100%
Pilier Gauche France International 15 Reda Wardi
100%
Entraineur Irlande Ronan O'gara
100%
Deuxième Ligne France International 12 Thomas Lavault
100%
Deuxième Ligne Australie International 5 Will Skelton
100%
Pilier Droit Géorgie International 21 Alexandre Kuntelia
88%
Ailier France Espoir 8 Hoani Bosmorin
88%
Ailier Angleterre International 15 Jack Nowell
88%
Pilier Droit Argentine International 8 Joel Sclavi
88%
Troisième Ligne France International 8 Judicaël Cancoriet
88%
Centre France Pro 17 Jules Favre
88%
Deuxième Ligne Australie International 11 Kane Douglas
88%
Demi de mêlée France Pro 18 Thomas Berjon
88%
Talonneur Australie International 14 Tolu Latu
88%
Pilier Droit France International 6 Uini Atonio
88%
Deuxième Ligne Irlande International 8 Ultan Dillane
88%
Centre Samoa International 14 Ulupan Seuteni
88%
Deuxième Ligne France Espoir 16 Charles Kanté Samba
75%
Demi d'Ouverture Nouvelle-Zélande Pro 13 Ihaia West
75%
Centre France International 2 Jonathan Danty
75%
Troisième Ligne Russie Espoir 10 Kirill Fraindt
75%
Troisième Ligne France Pro 10 Matthias Haddad
75%
Talonneur Géorgie International 12 Nika Sutidze
75%
Demi de mêlée France International 12 Nolann Le Garrec
75%
Talonneur France Pro 13 Quentin Lespiaucq
75%
Centre France Espoir 9 Simeli Daunivucu
75%
Arrière France Espoir 7 Ugo Pacome
75%
Président France Vincent Merling
75%
Pilier Gauche France Espoir 13 Alexandre Kaddouri
63%
Demi d'Ouverture France Espoir 8 Diego Jurd
63%
Pilier Gauche France Pro 9 Louis Penverne
63%
Ailier France Espoir 7 Nathan Bollengier
63%
Demi de mêlée France Espoir 7 Nolhann Couillaud
63%
Centre Fidji Espoir 9 Semi Lagivala
63%
Centre France Pro 8 Adrien Séguret
50%
Troisième Ligne France Pro 0 Andy Timo
50%
Talonneur France Espoir 0 Gabin Garault
50%
Pilier Droit Argentine Espoir 1 Gaël Galvan
50%
Pilier Droit France Espoir 10 Karl Sorin
50%
Troisième Ligne France Espoir 12 Lucas Andjisseramatchi
50%
Ailier Australie International 5 Suliasi Vunivalu
50%
Troisième Ligne France Espoir 1 Edouard Richer
38%
Deuxième Ligne France Espoir 4 Simon Huchet
38%
Pilier Droit Tonga Espoir 2 Upaleto Feao
38%
Deuxième Ligne Fidji Pro 0 Watisoni Waqanisaravi
38%
Pilier Gauche France Espoir 5 Christian Luaki
0%
Aucun quiz correspondant
Distribution des résultats
% des personnes avec chaque résultat
Percentile par nombre de réponses
Votre historique - résultats
Vous n’avez pas pris ce quiz